LIBRARY ONLINE CATALOGUE

Financial statement analysis: (Record no. 16823)

MARC details
000 -LEADER
fixed length control field 00489nam a22001937a 4500
003 - CONTROL NUMBER IDENTIFIER
control field OSt
005 - DATE AND TIME OF LATEST TRANSACTION
control field 20180427121246.0
008 - FIXED-LENGTH DATA ELEMENTS--GENERAL INFORMATION
fixed length control field 180427b xxu||||| |||| 00| 0 eng d
020 ## - INTERNATIONAL STANDARD BOOK NUMBER
International Standard Book Number 9788131709399
040 ## - CATALOGING SOURCE
Transcribing agency KABU
050 ## - LIBRARY OF CONGRESS CALL NUMBER
Classification number HF 5681
Item number .F67 1986 C.1
100 ## - MAIN ENTRY--PERSONAL NAME
Personal name Foster, George.
245 ## - TITLE STATEMENT
Title Financial statement analysis:
Statement of responsibility, etc. George Foster.
250 ## - EDITION STATEMENT
Edition statement 2nd ed.
260 ## - PUBLICATION, DISTRIBUTION, ETC. (IMPRINT)
Place of publication, distribution, etc. India:
Name of publisher, distributor, etc. Pearson;
Date of publication, distribution, etc. 1986.
300 ## - PHYSICAL DESCRIPTION
Extent xii, 625p.
650 ## - SUBJECT ADDED ENTRY--TOPICAL TERM
Topical term or geographic name as entry element Financial Statements
942 ## - ADDED ENTRY ELEMENTS (KOHA)
Source of classification or shelving scheme Library of Congress Classification
Koha item type General Collection
Holdings
Withdrawn status Lost status Source of classification or shelving scheme Not for loan Home library Current library Date acquired Cost, normal purchase price Inventory number Total Checkouts Full call number Barcode Date last seen Copy number Price effective from Koha item type
    Library of Congress Classification   Kabarak, Main Campus Kabarak, Main Campus 27/04/2018 5995.00 2018/0862   HF 5681 .F67 1986 C.1 024663 27/04/2018 C.1 27/04/2018 General Collection